00463nam a2200193Ia 4500003000400000005001700004008004100021020002200062040000700084041000800091082001500099100002100114245001400135260004700149300001200196365001400208650002400222650002300246OSt20230516140607.0210423s1982 xx 000 0 und d a978-0-8032-6311-6 cAL aeng a970.4 CAMH aCAMPBELL (Maria) aHalfbreed aLondonbUniversity of Nebraska Pressc1982 a157bPB b1140cINR aGeography & History aHistory of America